000 00725nam a2200265Ia 4500
003 OSt
005 20221006143912.0
006 a|||||r|||| 00| 0
007 ta
008 221006b |||||||| |||| 00| 0 eng d
020 _aB007T2I65S
_cSh.10.64
024 _a10,352
037 _cTextual
040 _aEASL
_cEASL
_beng
041 _2eng
_aeng
082 _aw41,F5, H8
100 _aMARTIN Bernard
_9109627
245 0 _aStrain of harmony
_b Men and women in the history of China
260 _aMelbourne
_bWilliam Heinemann Australia
_c1948
300 _a187p.
_ccm.
490 _v CEL
650 _aCell
_9650605
942 _hw41,F5, H8
_cTEXL
_2CC
999 _c1078438
_d1078438